000 00303nam a2200133 i 4500
001 bg
100 1 _aSTĘPIEŃ, M.
245 0 _aPoszukiwania i obserwacje /
_cM. Stępień.
260 _aKraków,
_c1982.
040 _cBPK
041 _apol
942 _cKS
008 s pl f |000 0 pol
999 _c21193
_d21193
856 _uhttp://koha.tu.koszalin.pl/cgi-bin/koha/opac-detail.pl?biblionumber=21193
_yKatalog online BPK